00708nam a2200241Ia 4500003000900000008004100009040001300050040001300063041000800076100001900084100000900103245002800112250001200140260000800152260000900160300001000169490002000179490000600199600003800205942000700243999001700250952019900267IT-RoPAU120407s9999 xx 000 0 und d aIT-RoPAU cIT-RoPAU aita aFerdinand Prat cs.j. aLa teologia di S. Paolo aTorino  aSei c1964 c22 cm aStudi superiori v1 a"I° v. : 489 p. II°v.: 481 p." cBK c21301d21301 00102ddc406227_15000000000000071aPAULUSbPAULUSd2012-04-11l0o227.15r2012-04-11 00:00:00w2012-04-11yBKzInserito da: Mario In data: 19 settembre 2011 fondo: Via A.Severo 56 Progr:22097